| 000 | 01209naa a2200313 4500 | ||
|---|---|---|---|
| 001 | 45519 | ||
| 003 | ES-MaCES | ||
| 005 | 20150929135830.0 | ||
| 008 | 000000s2014 be ||||| t||||||| ||eng d | ||
| 040 |
_aES-MaCES _bspa _cES-MaCES |
||
| 100 | 1 |
_935419 _aLeisink, Peter |
|
| 245 | 1 | 0 |
_aEconomic crisis and municipal public service employment: comparing developments in seven EU Member States _cPeter Leisink, Stephen Bach |
| 500 | _aResumen | ||
| 504 | _aBibliografía: p. 341-342 | ||
| 650 | 4 |
_927225 _afunción pública |
|
| 650 | 4 |
_927219 _agobierno local |
|
| 650 | 4 |
_928299 _aempleo |
|
| 650 | 4 |
_927102 _acrisis económica |
|
| 650 | 4 |
_928378 _aparticipación de los trabajadores |
|
| 650 | 4 |
_929261 _arepertorio de recomendaciones prácticas |
|
| 653 | 1 | 0 | _aRelaciones laborales-Empleo |
| 650 | 4 |
_928377 _asindicato |
|
| 650 | 4 |
_926752 _aUE |
|
| 650 | 4 |
_930664 _aconcertación social |
|
| 700 | 1 |
_96839 _aBach, Stephen |
|
| 773 | 0 |
_981955 _dBrussels [Bld. Emile Jacqmain 155, 1210] European Trade Union Institute 1995- _o084860 _tTransfer _w(ES-MaCES)25472 _gvol. 20, no. 3 (Aug. 2014) {10466 R. 084860} ;p. 327-342 |
|
| 902 | _aART Artículo de revista | ||
| 942 |
_2CES _cAR _h2.0. |
||
| 999 |
_c45519 _d45519 |
||